000 00668nam a2200277Ia 4500
005 20260324133953.0
008 008 260324s9999 xx 000 0 eng d
020 _a9781003423720
037 _aEBOOK
040 _aCRL
040 _beng
040 _cCRL
041 _2eng
041 _aeng
084 _qCRL
100 _aDr M Dwek; Udo Schumacher; Dr Susan Brooks
_91195077
245 0 _aFunctional and Molecular Glycobiology
260 _bTaylor and Francis
260 _c2002
365 _a
365 _b325
856 _uhttp://www.taylorfrancis.com/books/9781003423720
942 _cEBOOK
999 _c1794673
_d1794673